Vancouver International Airport Destinations - Statistics

General Stats
  • This quiz has been taken 225 times
    63 since last reset
  • The average score is 62 of 134
Answer Stats
Airlines Answer % Correct
Air Canada, WestJet, Flair Airlines, Lynx Air Calgary
89%
British Airways, WestJet London-Gatwick
87%
Air Canada, British Airways London-Heathrow
87%
Flair Airlines London (ON)
87%
Delta Air Lines, JetBlue New York-JFK
87%
Air Canada Express, Alaska Airlines, Delta Connection Seattle/Tacoma
87%
Air Canada, Air Transat, Canada Jetlines, Lynx Air, Porter Airlines, Sunwing Airlines, WestJet, Flair Airlines Toronto
87%
Air China Beijing
84%
Air Canada, American Eagle, Flair Airlines, United Airlines, United Express, WestJet Los Angeles
84%
Aeroméxico, Air Canada Mexico City
84%
Air Canada, Air Canada Express, Flair Airlines, United Airlines, United Express, WestJet San Francisco
84%
Air Canada, Qantas Sydney
84%
All Nippon Airlines Tokyo-Haneda
84%
Air Canada, Japan Airlines Tokyo-Narita
84%
American Airlines Dallas/Fort Worth
82%
Air Canada, Air Canada Express, WestJet, Flair Airlines, Lynx Air Edmonton
82%
Air Canada Express, Alaska Airlines Portland
82%
Air Canada, United Denver
79%
Air Canada, Cathay Pacific Hong Kong
79%
Air Canada, United Airlines Houston
79%
Air Canada, Flair Airlines, Lynx Air, WestJet, Air Transat Montréal
79%
Air France Paris
79%
Air Canada Austin
76%
Air Canada Miami
76%
Air Canada, Korean Air Seoul-Incheon
76%
Air Canada, Singapore Airlines Singapore
76%
Air Canada, China Eastern Airlines Shanghai
74%
Air Canada, Air Canada Express, Flair Airlines, Lynx Air, WestJet Winnipeg
74%
Air Canada, JetBlue Boston
71%
Air Canada, Sunwing Airlines, WestJet Cancún
71%
Air Canada, Air Canada Express, United Airlines, American Airlines Chicago
71%
Philippine Airlines Manila
71%
Air Canada Express Regina
71%
Air Canada Express, Air North Pacific Coastal Airlines, WestJet Encore Victoria
71%
Harbour Air, HeliJet Victoria Harbour
71%
KLM Amsterdam
68%
Air India Delhi
68%
Air Canada, Flair Airlines, WestJet Las Vegas
68%
WestJet Orlando
68%
Air Canada, Flair Airlines, Porter Airlines, WestJet Ottawa
68%
Air Canada Express, Flair Airlines, WestJet Saskatoon
68%
Air Canada Washington
68%
Air Canada, Air New Zealand Auckland
66%
Air Canada, WestJet Halifax
66%
Lufthansa Munich
66%
Flair Airlines Phoenix - Mesa
66%
Air Canada, Air Canada Express, WestJet Phoenix-Sky Harbor
66%
Delta Air Lines, Delta Connection Salt Lake City
66%
Air Canada Express, Air North Yellowknife
66%
Turkish Airlines Istanbul
63%
Delta Air Lines, Sun Country Airlines Minneapolis/St. Paul
63%
Air Canada Osaka
63%
Air Canada Express Sacramento
63%
Air Canada Anchorage
61%
WestJet Atlanta
61%
Air Canada Brisbane
61%
Delta Air Lines Detroit
61%
Air Canada Dublin
61%
Air Canada, Condor, Eurowings Discover Frankfurt
61%
Air Canada, Air Canada Express, Air North, Flair Airlines, WestJet Encore Kelowna
61%
Air Canada, WestJet Honolulu
58%
Air Canada Rouge Québec City
58%
Air Canada Express, WestJet San Diego
58%
Air Canada Dubai
55%
Air Canada, China Airlines, EVA Air Taipei
55%
Air Canada, Air Canada Express, Air North Whitehorse
55%
Air Canada Express, Flair Airlines, Pacific Coastal Airlines, WestJet Encore, Prince George
53%
Icelandair Reyjkavík
53%
Air Canada Bangkok
50%
Air Canada Express, Central Mountain Air, Pacific Coastal Airlines, WestJet Link Kamloops
50%
XiamenAir Xiamen
50%
Sichuan Airlines Chengdu
47%
China Southern Airlines Guangzhou
47%
Air Canada, United Airlines Newark
47%
Air Canada Express Prince Rupert
47%
Air Canada Express, Pacific Coastal Airlines, WestJet Link Nanaimo
45%
Harbour Air, HeliJet, Seair Seaplanes, Sunshine Coast Air Nanaimo Harbour
45%
WestJet Nashville
42%
Air Canada, Flair Airlines, Sunwing Airlines, WestJet Puerto Vallarta
39%
Air Canada, Edelweiss Air Zürich
39%
Hainan Airlines Shenzhen
37%
Cascadia Air, Pacific Coastal Airlines Tofino
34%
Cascadia Air, Central Mountain Air, Corilair, Pacific Coastal Airlines Campbell River
32%
Air Canada Express, WestJet Encore Terrace/Kitimat
32%
Air Canada Express, Pacific Coastal Airlines, WestJet Link Comox
29%
Air Canada Express, WestJet Encore Fort St. John
29%
Harbour Air Whistler
29%
Fiji Airways Nadi
26%
Air Canada, Flair Airlines, WestJet Palm Springs
26%
Air Canada Express, Cascadia Air, Pacific Coastal Airlines, WestJet Link Penticton
26%
Sunwing Airlines Punta Cana
26%
Flair Airlines Windsor
26%
Cascadia Air Abbotsford
24%
Air Canada, WestJet Orange County
24%
Pacific Coastal Airlines Port Hardy
24%
Central Mountain Air Quesnel
24%
Air Canada, Flair Airlines, Sunwing Airlines, WestJet San José del Cabo
24%
Air Canada, WestJet Kahului
21%
Air Canada, WestJet Kailua-Kona
21%
Air Canada, Sunwing Airlines Ixtapa/Zihuanatejo
18%
WestJet Lihue
18%
Central Mountain Air, Pacific Coastal Airlines Williams Lake
18%
Pacific Coastal Airlines Bella Bella
16%
Air Canada Express, Pacific Coastal Airlines, WestJet Link Cranbrook
16%
Harbour Air, Salt Spring Air, Seair Seaplanes Ganges Harbour
16%
Air Canada Express Smithers
16%
Air Canada Express Castlegar
13%
Flair Airlines Kitchener/Waterloo
13%
Sunwing Airlines, WestJet Mazatlán
13%
Pacific Seaplanes Port Alberni
13%
Pacific Coastal Airlines Powell River
13%
Air Canada Express Sandspit
13%
HeliJet Vancouver Harbour
13%
Pacific Coastal Airlines Bella Coola
11%
Sunwing Airlines Varadero
11%
Pacific Coastal Airlines Anahim Lake
8%
Pacific Coastal Airlines Masset
8%
Iskwew Air, Oceanside Air Qualicum Beach
8%
Pacific Coastal Airlines Trail
8%
Pacific Seaplanes Ucluelet
8%
Sunwing Airlines, WestJet Huatulco
5%
Sunwing Airlines Montego Bay
5%
Harbour Air, Sunshine Coast Air Sechelt
5%
Harbour Air, Pacific Seaplanes Seair Seaplanes Bedwell Harbour
3%
Cascadia Air Chilliwack
3%
Sunwing Airlines Manzanillo
3%
Sunwing Airlines Santa Clara
3%
Pacific Seaplanes Bamfield
0%
Gulf Island Seaplanes Gabriola Island
0%
Pacific Seaplanes, Seair Seaplanes Galiano Island
0%
Harbour Air, Seair Seaplanes Miners Bay
0%
Cascadia Air Pitt Meadows
0%
Pacific Seaplanes, Seair Seaplanes Port Washington
0%
Pacific Seaplanes Thetis Island
0%
No matching quizzes found
Score Distribution
Percent of People with Each Score
Percentile by Number Answered
Your Score History
You have not taken this quiz since the last reset